| 000 | 00638nam a22002177a 4500 | ||
|---|---|---|---|
| 003 | OSt | ||
| 005 | 20150110114521.0 | ||
| 008 | 141215b xxu||||| |||| 00| 0 eng d | ||
| 020 | _a84-01-44028-9 | ||
| 040 | _cBMC | ||
| 082 | _a984.5 | ||
| 100 | 1 |
_aAltavilla, Enrico _915698 |
|
| 245 | 1 | 0 |
_aSuecia, infierno y paraiso _cEnrico Altavilla ; [traducción de Domingo Pruna] |
| 260 |
_aBarcelona _bPlaza & Janés _ccop. 1975 |
||
| 300 |
_a204 p. _c19 cm |
||
| 490 |
_aRotativa _v28 |
||
| 595 | _aTraducción de: Svezia, infierno e paradiso | ||
| 651 | 2 | 4 |
_aSuecia _xDescripción _929645 |
| 700 | 1 |
_929677 _aPruna, Domingo |
|
| 942 |
_2ddc _cBK |
||
| 999 |
_c16838 _d16838 |
||